| 000 | 00000nam##2200000za#4500 |
| 001 | 9.639848 |
| 003 | CaOODSP |
| 005 | 20220107134005 |
| 007 | cr ||||||||||| |
| 008 | 150407|1996||||xxc|||||o f|0| 0 fre|d |
| 040 | |aCaOODSP|bfre |
| 043 | |an-cn--- |
| 086 | 1 |aH72-21/147-1996F-PDF |
| 110 | 2 |aCentre national d'information sur la violence dans la famille (Canada) |
| 245 | 10|aSécurité et économies : |h[ressource électronique]|bprévenir le crime par le biais du développement social |
| 260 | |aOttawa - Ontario : |bSanté Canada. |cMars 1996. |
| 300 | |a9p.|bréférences |
| 590 | |a12-14-Supp|b2012-04-10 |
| 775 | 08|tSafety and savings : |w(CaOODSP)9.695722 |
| 776 | 0#|tSécurité et économies: prévenir le crime par le biais du développement social / |w(CaOODSP)9.679829 |
| 856 | 40|ahttp://publications.gc.ca|qPDF|s1008 Ko|uhttps://publications.gc.ca/collections/Collection/H72-21-147-1996F.pdf |